| 000 | 00457cam a2200181ua 4500 | ||
|---|---|---|---|
| 003 | @ | ||
| 003 | OSt | ||
| 008 | 250214b |||||||| |||| 00| 0 eng d | ||
| 020 | _a8170977981 | ||
| 082 |
_a630.162 _bLAL/AG |
||
| 100 |
_aRadhey , Lal . _91212 |
||
| 100 |
_aDatta A.C . _91213 |
||
| 245 | _aAgricultural Engineering (Through Worked Examples) / | ||
| 250 | _a4 / | ||
| 260 |
_aAllahabad : _bSaroj prakashan , _c2005 |
||
| 300 | _a794 ; ./ 800 | ||
| 942 | _cBK | ||
| 999 |
_c69 _d69 |
||